| 000 | 00747nam a2200265Ia 4500 | ||
|---|---|---|---|
| 001 | 939 | ||
| 003 | GE_BSU | ||
| 008 | 181216s||||||||xx |||||||||||||| ||und|| | ||
| 020 | _a5040047967 | ||
| 040 | _cGE_BSU | ||
| 080 | _a159.9:159.97 | ||
| 100 | _aЗейгарник, Б.В. | ||
| 245 | _aПатопсихология. | ||
| 245 | _b(серия,,Кафедра Психологии") | ||
| 245 | _cПод.ред.А.С.Спиваковской. | ||
| 260 | _aМосква | ||
| 260 | _bАпрель-пресс,Эксмо-пресс | ||
| 260 | _c2000 | ||
| 300 | _a576 с. | ||
| 541 | _h18 л. | ||
| 653 | _aПатопсихология | ||
| 653 | _aПсихология | ||
| 653 | _aფსიქოლოგია | ||
| 942 | _cBK | ||
| 999 |
_c35098 _d35098 |
||